000
00284nam a2200133Ia 4500
100
_a
Gajjar/Dhiren
942
_c
BK
654
_a
logic
245
_a
Logic circuits
260
_b
Students book depot
_a
Pune
_c
1995
082
_a
621.395-076
_b
GAJ
300
_a
311
546
_a
ENGLISH
999
_c
23724
_d
23724